000 00774nam a2200241 a 4500
001 000001163
005 20200929145507.0
008 760525s1976 sp a j 001 jcspa
020 _a8424311272
040 _aDO-SdBNP
_bspa
_cBNPHU
082 _a923.9
_bG216g
100 1 _aGarcía Corella, Laura
_93968
240 1 0 _a15 grands aventuriers.
_lEspañol.
245 1 0 _a15 grandes aventureros /
_cLaura García Corella.
246 1 _aQuince grandes aventureros.
260 _aEspaña :
_bFher,
_c1976.
300 _a252 p. :
_bil. ;
_c22 cm.
490 1 _aHistoria
_vno. 15
534 _aTítulo original:
_t15 grands aventuriers.
650 4 _aExploradores
_vBIOGRAFÍA
_93969
650 4 _aLiteratura juvenil
_vBIOGRAFÍA
_93970
650 4 _aConquistadores
_vBIOGRAFÍA
_93971
999 _c1116
_d1116